000
00240 a2200097 4500
001
51924
100
_a
Green, Williom
245
_a
Unsttrated Analysis of the World's Fighters
260
_a
New York
_b
Harper & Row
_c
090
_c
32774
_d
32774
942
_a
NUST-CAE
_c
M
_c
25307
999
_c
286997
_d
286997